Textbook of pathology / (Record no. 181015)
[ view plain ]
| 000 -LEADER | |
|---|---|
| fixed length control field | 00715nam a22002057a 4500 |
| 005 - DATE AND TIME OF LATEST TRANSACTION | |
| control field | 20210826110031.0 |
| 010 ## - LCCN (DPL NO) | |
| LC control number | B-741352 |
| 020 ## - INTERNATIONAL STANDARD BOOK NUMBER | |
| International Standard Book Number | 9789351523697 |
| Terms of availability | 2050.00 |
| 035 ## - SYSTEM CONTROL NUMBER | |
| System control number | B-741352 |
| 037 ## - SOURCE OF ACQUISITION | |
| Source of stock number/acquisition | Gift |
| 082 ## - DEWEY DECIMAL CLASSIFICATION NUMBER | |
| Classification number | 616.07 |
| 100 ## - MAIN ENTRY--PERSONAL NAME | |
| Personal name | Harsh Mohan |
| 245 ## - TITLE STATEMENT | |
| Title | Textbook of pathology / |
| Statement of responsibility, etc | by Harsh Mohan |
| 250 ## - EDITION STATEMENT | |
| Edition statement | 7th ed. |
| 260 ## - PUBLICATION, DISTRIBUTION, ETC. (IMPRINT) | |
| Place of publication, distribution, etc | New Delhi |
| Name of publisher, distributor, etc | Jaypee Brothers Medical Publishers |
| Date of publication, distribution, etc | 2015 |
| 270 ## - ADDRESS | |
| Address | 4838/24, Ansari Road, Daryaganj |
| City | New Delhi |
| Postal code | 110002 |
| 300 ## - PHYSICAL DESCRIPTION | |
| Extent | xvi, 953p.: |
| Other physical details | ill. |
| Dimensions | 26cm(Hb) |
| 942 ## - ADDED ENTRY ELEMENTS (KOHA) | |
| Source of classification or shelving scheme | Dewey Decimal Classification |
| Item type | English Books |
| Classification part | 616.07 |
| Call number suffix | HAR |
| Withdrawn status | Lost status | Not for loan | Collection code | Home library | Current library | Date acquired | Source of acquisition | Cost, normal purchase price | Full call number | Barcode | Copy number | Cost, replacement price | Koha item type | Public note |
|---|---|---|---|---|---|---|---|---|---|---|---|---|---|---|
| Non-fiction | Central Library | Central Library | 26/08/2021 | Gift/Eng/18-08-2021 | 2050.00 | 616.07 HAR | B-741352 | 1 | 2050.00 | English Books | Gift |
